000 00555ntaaa2200205 4500
003 01
005 20251027201448.0
008 0714s1973 ag 01
040 _aAR-BaBN
_bspa
_cAR-BaBN
_eaacr
_dRIC
082 _a226.3000 T72e
100 _aTrenchard, Ernesto
_9568
245 _aExposición del evangelio según San Macros
250 _a1 ed.
260 _as.l.,
_cn.f.
300 _a207 p.
500 _a("El siervo de Jehová") Cursos de estudios bíblicos
650 _aBiblia-Nuevo Testamento-Marcos
_94419
650 _aMarcos
_94389
942 _cBK
999 _c9154
_d9154